The theatre of Diokaisareia (Record no. 197820)
[ view plain ]
| 000 -LEADER | |
|---|---|
| fixed length control field | 01519nam a2200373 a 4500 |
| 082 04 - DEWEY DECIMAL CLASSIFICATION NUMBER | |
| Classification number | 939/.35 |
| 100 1# - MAIN ENTRY--AUTHOR NAME | |
| Personal name | Spanu, Marcello. |
| 245 14 - TITLE STATEMENT | |
| Title | The theatre of Diokaisareia |
| 260 ## - PUBLICATION, DISTRIBUTION, ETC. (IMPRINT) | |
| Place of publication | Berlin ; |
| -- | New York : |
| Name of publisher | De Gruyter, |
| Year of publication | 2011. |
| 300 ## - PHYSICAL DESCRIPTION | |
| Number of Pages | x, 134 p., 71 p. of plates : |
| Other physical details | ill. (some col.). |
| 490 0# - SERIES STATEMENT | |
| Series statement | Diokaisareia in Kilikien : ergebnisse des Surveys 2001-2006 |
| 650 #0 - SUBJECT ADDED ENTRY--TOPICAL TERM | |
| Topical Term | Architecture, Roman |
| Topical Term | Excavations (Archaeology) |
| 856 40 - ELECTRONIC LOCATION AND ACCESS | |
| Uniform Resource Identifier | http://site.ebrary.com/lib/rucke/Doc?id=10554704 |
No items available.
